000 00606nam a2200181Ia 4500
008 100920s9999 xx 000 0 und d
082 _b107385
_a28 व 891,43 न 07
100 _aअमित सितमजद.
245 _aजीवन का सुख.
260 _bपुजा पुस्तक केंद्र, दिल्ली.
_c2007
300 _a32
_bसाधी
365 _b75
520 _aबा.वि.हिंदी.
630 _aजीवन का सुख.
650 _aबा.वि.हिंदी.
730 _aजीवन का सुख.
942 _cBOOK
999 _c747809
_d747806